Vista normal
Vista MARC
Entrada Nombre geográfico
Número de registros utilizados en: 1
001 - NÚMERO DE CONTROL
- campo de control: 34520
003 - IDENTIFICADOR DEL NÚMERO DE CONTROL
- campo de control: OSt
005 - FECHA Y HORA DE LA ÚLTIMA TRANSACCIÓN
- campo de control: 20240221120209.0
008 - DATOS DE LONGITUD FIJA
- campo de control de longitud fija: 200615|| aca||aabn | a|a d
040 ## - FUENTE DE LA CATALOGACIÓN
- Centro catalogador/agencia de origen: OSt
- Centro/agencia transcriptor: OSt
151 ## - ENCABEZAMIENTO--NOMBRE GEOGRÁFICO
- Nombre geográfico: San Juan (J. P.)
368 ## - OTROS ATRIBUTOS DE PERSONA O ENTIDAD CORPORATIVA
- Tipo de entidad corporativa: Ciudades y pueblos
- Tipo de jurisdicción: Capitales (Ciudades)
370 ## - LUGAR ASOCIADO
- Lugar de nacimiento: Puerto Rico
451 ## - TRAZADO DE VÉASE--NOMBRE GEOGRÁFICO
- Nombre geográfico: San Juan Bautista (P.R.)
451 ## - TRAZADO DE VÉASE--NOMBRE GEOGRÁFICO
- Nombre geográfico: San Juan, P.R.
451 ## - TRAZADO DE VÉASE--NOMBRE GEOGRÁFICO
- Nombre geográfico: Municipalidad de San Juan (P.R.)
451 ## - TRAZADO DE VÉASE--NOMBRE GEOGRÁFICO
- Nombre geográfico: Municipio de San Juan (P.R.)
670 ## - FUENTE DE DATOS ENCONTRADOS
- Cita de la fuente: Work cat.: (OSt)14826: San Juan (Puerto Rico). Cabildo Municipal 34518, Actas del cabildo de San Juan Bautista de Puerto Rico /, 1965-1968.
670 ## - FUENTE DE DATOS ENCONTRADOS
- Cita de la fuente: San Juan (P.R.). Cabildo. Actas del Cabildo de San Juan Bautista de Puerto Rico, 1966- .
781 ## - ENTRADA DE ENLACE DE SUBDIVISIÓN--SUBDIVISIÓN GEOGRÁFICA
- Subdivisión geográfica: Puerto Rico
- Subdivisión geográfica: San Juan
